LEADER 00414nab a2200145 i 4500 001 000000259508 003 CaOOAMICUS 005 20050127000000.0 008 050127n xx uu u0 0und r 013 $a147 040 $aSeMil$bita 245 10$a[SENZA TITOLO]. - 20 p. 500 $a17 mars 2004. 773 0 $t[2004].$dGenéve : ENI, copyr. 2004.$w()117252 996 $6245$a[SENZA TITOLO]. - 20 p.$9(OLS)http://semarc/title/354654 LEADER 00500nas a2200157 i 4500 001 000000096749 003 CaOOAMICUS 005 20041118000000.0 008 041118b it uu u0 0ita r 013 $a68991 040 $aSeMil$bita 245 10$aTitolo mancante. 773 0 $tNuovo Cimento.$dBologna : Zanichelli, 1942-1971.$w()2554 850 $aSeMil 852 $aSeMil$W1$xVenegono$y1$m177 7 83-84$j56235$B56235$CSeMilBibl$Z2$F64350 $82 996 $6245$aTitolo mancante$9(OLS)http://semarc/title/46445